<?xml version="1.0" encoding="UTF-8"?>
<record
    xmlns:xsi="http://www.w3.org/2001/XMLSchema-instance"
    xsi:schemaLocation="http://www.loc.gov/MARC21/slim http://www.loc.gov/standards/marcxml/schema/MARC21slim.xsd"
    xmlns="http://www.loc.gov/MARC21/slim">

  <leader>02811cam a2200457 i 4500</leader>
  <controlfield tag="001">20110803</controlfield>
  <controlfield tag="003">EG-ScBUE</controlfield>
  <controlfield tag="005">20230516115838.0</controlfield>
  <controlfield tag="008">171030t2018    enka   f      001 0 eng d</controlfield>
  <datafield tag="020" ind1=" " ind2=" ">
    <subfield code="a">9780500021255</subfield>
  </datafield>
  <datafield tag="035" ind1=" " ind2=" ">
    <subfield code="a">(OCoLC)on1026345712</subfield>
  </datafield>
  <datafield tag="040" ind1=" " ind2=" ">
    <subfield code="a">ERASA</subfield>
    <subfield code="b">eng</subfield>
    <subfield code="e">rda</subfield>
    <subfield code="c">ERASA</subfield>
    <subfield code="d">YDX</subfield>
    <subfield code="d">BDX</subfield>
    <subfield code="d">QGJ</subfield>
    <subfield code="d">SINLB</subfield>
    <subfield code="d">NYP</subfield>
    <subfield code="d">CHVBK</subfield>
    <subfield code="d">OCLCO</subfield>
    <subfield code="d">UAB</subfield>
    <subfield code="d">OCLCF</subfield>
    <subfield code="d">FNE</subfield>
    <subfield code="d">CIA</subfield>
    <subfield code="d">HTM</subfield>
    <subfield code="d">UKMGB</subfield>
    <subfield code="d">CAAGO</subfield>
    <subfield code="d">UKTTE</subfield>
    <subfield code="d">VRC</subfield>
    <subfield code="d">TOH</subfield>
    <subfield code="d">GUA</subfield>
    <subfield code="d">YBM</subfield>
    <subfield code="d">OCLCQ</subfield>
    <subfield code="d">OSU</subfield>
    <subfield code="d">MYA</subfield>
    <subfield code="d">OCLCO</subfield>
    <subfield code="d">U@M</subfield>
    <subfield code="d">OCL</subfield>
    <subfield code="d">DLC</subfield>
    <subfield code="d">EG-ScBUE</subfield>
  </datafield>
  <datafield tag="082" ind1="0" ind2="4">
    <subfield code="a">700.411</subfield>
    <subfield code="2">22</subfield>
    <subfield code="b">GOL</subfield>
  </datafield>
  <datafield tag="100" ind1="1" ind2=" ">
    <subfield code="a">Goldberg, RoseLee,</subfield>
    <subfield code="e">author.</subfield>
  </datafield>
  <datafield tag="245" ind1="1" ind2="0">
    <subfield code="a">Performance now /</subfield>
    <subfield code="c">RoseLee Goldberg.</subfield>
  </datafield>
  <datafield tag="246" ind1="3" ind2="4">
    <subfield code="a">Performance now :</subfield>
    <subfield code="b">live art for the 21st century</subfield>
  </datafield>
  <datafield tag="264" ind1=" " ind2="1">
    <subfield code="a">London ;</subfield>
    <subfield code="a">New York :</subfield>
    <subfield code="b">Thames &amp; Hudson,</subfield>
    <subfield code="c">[2018]</subfield>
  </datafield>
  <datafield tag="264" ind1=" " ind2="4">
    <subfield code="c">&#xA9;2018</subfield>
  </datafield>
  <datafield tag="300" ind1=" " ind2=" ">
    <subfield code="a">271 pages :</subfield>
    <subfield code="b">color illustrations ;</subfield>
    <subfield code="c">29 cm</subfield>
  </datafield>
  <datafield tag="336" ind1=" " ind2=" ">
    <subfield code="a">text</subfield>
    <subfield code="b">txt</subfield>
    <subfield code="2">rdacontent</subfield>
  </datafield>
  <datafield tag="336" ind1=" " ind2=" ">
    <subfield code="a">still image</subfield>
    <subfield code="b">sti</subfield>
    <subfield code="2">rdacontent</subfield>
  </datafield>
  <datafield tag="337" ind1=" " ind2=" ">
    <subfield code="a">unmediated</subfield>
    <subfield code="b">n</subfield>
    <subfield code="2">rdamedia</subfield>
  </datafield>
  <datafield tag="338" ind1=" " ind2=" ">
    <subfield code="a">volume</subfield>
    <subfield code="b">nc</subfield>
    <subfield code="2">rdacarrier</subfield>
  </datafield>
  <datafield tag="500" ind1=" " ind2=" ">
    <subfield code="a">Includes index.</subfield>
  </datafield>
  <datafield tag="505" ind1="0" ind2="0">
    <subfield code="g">Chapter 1.</subfield>
    <subfield code="t">Performance as visual art --</subfield>
    <subfield code="g">Chapter 2.</subfield>
    <subfield code="t">World citizenship : performance as a global language --</subfield>
    <subfield code="g">Chapter 3.</subfield>
    <subfield code="t">Radical action : on performance and politics --</subfield>
    <subfield code="g">Chapter 4.</subfield>
    <subfield code="t">Dance after choreography --</subfield>
    <subfield code="g">Chapter 5.</subfield>
    <subfield code="t">Off stage : new theatre --</subfield>
    <subfield code="g">Chapter 6.</subfield>
    <subfield code="t">Performing architecture.</subfield>
  </datafield>
  <datafield tag="520" ind1="8" ind2=" ">
    <subfield code="a">This major survey charts the development of live art across six continents since the turn of the twenty-first century, revealing how it has become an increasingly essential vehicle for communicating ideas across the globe in the new millennium. 'Performance Now' offers an unprecedented illustrated survey of this temporal medium which is notoriously hard to document, written by respected curator, art historian, and critic RoseLee Goldberg. Six chapters cover different themes of performance art, such as beauty, global citizenship, and activism, as well as its intersection with other media including film and technology, dance, theater and architecture, interspersed with illustrated profiles of some of the world's best-known performance artists, including Maria Abramovic, Matthew Barney, and Laurie Simmons. Extended captions assess the importance of specific works in context.</subfield>
  </datafield>
  <datafield tag="650" ind1=" " ind2="7">
    <subfield code="a">Performance art</subfield>
    <subfield code="y">21st century.</subfield>
    <subfield code="2">BUEsh</subfield>
  </datafield>
  <datafield tag="650" ind1=" " ind2="7">
    <subfield code="a">Art</subfield>
    <subfield code="x">Political aspects.</subfield>
    <subfield code="2">BUEsh</subfield>
  </datafield>
  <datafield tag="650" ind1=" " ind2="7">
    <subfield code="a">Performance art.</subfield>
    <subfield code="2">BUEsh</subfield>
  </datafield>
  <datafield tag="650" ind1=" " ind2="7">
    <subfield code="a">Performance artists.</subfield>
    <subfield code="2">BUEsh</subfield>
  </datafield>
  <datafield tag="650" ind1=" " ind2="7">
    <subfield code="a">Political art.</subfield>
    <subfield code="2">BUEsh</subfield>
  </datafield>
  <datafield tag="650" ind1=" " ind2="7">
    <subfield code="a">Conceptual art.</subfield>
    <subfield code="2">BUEsh</subfield>
  </datafield>
  <datafield tag="650" ind1=" " ind2="7">
    <subfield code="a">Art</subfield>
    <subfield code="y">21st century.</subfield>
    <subfield code="2">BUEsh</subfield>
  </datafield>
  <datafield tag="650" ind1=" " ind2="7">
    <subfield code="a">Art, Modern</subfield>
    <subfield code="y">21st century.</subfield>
    <subfield code="2">BUEsh</subfield>
  </datafield>
  <datafield tag="650" ind1=" " ind2="7">
    <subfield code="a">Art, Modern</subfield>
    <subfield code="y">21st century</subfield>
    <subfield code="x">Themes, motives.</subfield>
    <subfield code="2">BUEsh</subfield>
  </datafield>
  <datafield tag="653" ind1=" " ind2=" ">
    <subfield code="b">ART</subfield>
    <subfield code="c">May2023</subfield>
  </datafield>
  <datafield tag="655" ind1=" " ind2=" ">
    <subfield code="v">Reading book</subfield>
  </datafield>
  <datafield tag="906" ind1=" " ind2=" ">
    <subfield code="a">7</subfield>
    <subfield code="b">cbc</subfield>
    <subfield code="c">copycat</subfield>
    <subfield code="d">2</subfield>
    <subfield code="e">epcn</subfield>
    <subfield code="f">20</subfield>
    <subfield code="g">y-gencatlg</subfield>
  </datafield>
  <datafield tag="942" ind1=" " ind2=" ">
    <subfield code="2">ddc</subfield>
    <subfield code="c">BB</subfield>
  </datafield>
  <datafield tag="999" ind1=" " ind2=" ">
    <subfield code="c">30416</subfield>
    <subfield code="d">30387</subfield>
  </datafield>
  <datafield tag="952" ind1=" " ind2=" ">
    <subfield code="0">0</subfield>
    <subfield code="1">0</subfield>
    <subfield code="2">ddc</subfield>
    <subfield code="4">0</subfield>
    <subfield code="7">0</subfield>
    <subfield code="8">Baccah</subfield>
    <subfield code="a">MAIN</subfield>
    <subfield code="b">MAIN</subfield>
    <subfield code="c">2ND</subfield>
    <subfield code="d">2023-05-16</subfield>
    <subfield code="e">Purchase</subfield>
    <subfield code="g">973.00</subfield>
    <subfield code="h">37380</subfield>
    <subfield code="l">0</subfield>
    <subfield code="o">700.411 GOL</subfield>
    <subfield code="p">000056691</subfield>
    <subfield code="r">2025-07-15 00:00:00</subfield>
    <subfield code="v">1216.25</subfield>
    <subfield code="w">2023-05-16</subfield>
    <subfield code="y">BB</subfield>
  </datafield>
  <datafield tag="952" ind1=" " ind2=" ">
    <subfield code="0">0</subfield>
    <subfield code="1">0</subfield>
    <subfield code="2">ddc</subfield>
    <subfield code="4">0</subfield>
    <subfield code="7">0</subfield>
    <subfield code="8">Baccah</subfield>
    <subfield code="a">MAIN</subfield>
    <subfield code="b">MAIN</subfield>
    <subfield code="c">2ND</subfield>
    <subfield code="d">2025-05-12</subfield>
    <subfield code="e">Purchase</subfield>
    <subfield code="g">1544.00</subfield>
    <subfield code="h">39240</subfield>
    <subfield code="l">0</subfield>
    <subfield code="o">700.411 GOL</subfield>
    <subfield code="p">000057327</subfield>
    <subfield code="r">2025-07-15 00:00:00</subfield>
    <subfield code="v">1930.00</subfield>
    <subfield code="w">2025-05-12</subfield>
    <subfield code="y">BB</subfield>
  </datafield>
</record>
